[Event "1st WMSG Rapid Team"]
[Site "Beijing CHN"]
[Date "2008.10.15"]
[Round "6"]
[White "Forsaa,E"]
[Black "Fier,A"]
[Result "0-1"]
[WhiteElo "2322"]
[BlackElo "2581"]

1.d4 Nf6 2.Bg5 Ne4 3.Bf4 g5 4.Bc1 g4 5.Bf4 c5 6.dxc5 Bg7 7.c3 Nxc5 8.h3 Qb6
9.Qc2 gxh3 10.Nd2 h2 11.Ngf3 d6 12.e4 Nc6 13.Bc4 Be6 14.Bxe6 Nxe6 15.Be3 Qa6
16.Rxh2 Rc8 17.Qb3 Kf8 18.Rh5 Ncd8 19.Qb5 Qxb5 20.Rxb5 b6 21.Rh5 Nc5 22.O-O-O Nde6
23.Rdh1 Kg8 24.Kc2 b5 25.Ng5 b4 26.c4 Nxg5 27.Rxg5 Ne6 28.Rg3 a5 29.Rh5 Ra8
30.Nb3 a4 31.Nd4 Nxd4+ 32.Bxd4 f6 33.Rb5 b3+ 34.axb3 axb3+ 35.Kxb3 Kf7 36.Rb7 Bh6
37.Be3 Bxe3 38.Rxe3 Rhg8 39.g3 Ra1 40.Kc2 Rc8 41.Rc3 Rf1 42.f4 Rf2+ 43.Kd3 Rg8
44.c5 dxc5 45.Kc4 Re2 46.Kxc5 Rxe4 47.Kb6 h5 48.Kb5 h4 49.gxh4 Rxf4 50.Re3 Re8
51.Rh3 Rh8 52.Re3 Rh5+ 53.Kb6 Rb4+ 54.Kc7 Rxb7+ 55.Kxb7 Rb5+ 56.Kc6 Rxb2
57.Rh3 Rb8 58.Kd5 e6+ 59.Ke4 Rb4+  0-1

[Event "1st WMSG Rapid Team"]
[Site "Beijing CHN"]
[Date "2008.10.16"]
[Round "7"]
[White "Thorfinnsson,Bj"]
[Black "Atabayev,M"]
[Result "0-1"]
[WhiteElo "2399"]
[BlackElo "2159"]

1.d4 Nf6 2.Bg5 Ne4 3.Bf4 c5 4.f3 Nf6 5.d5 d6 6.e4 g6 7.Qd2 Bg7 8.c3 O-O 9.Na3 a6
10.Nc2 Nbd7 11.Nh3 Re8 12.Be2 b5 13.a4 Rb8 14.axb5 axb5 15.O-O Ne5 16.Bxe5 dxe5
17.Nf2 e6 18.Rfd1 exd5 19.exd5 Qb6 20.Ne4 Rd8 21.Qe3 Bf5 22.Nxf6+ Bxf6 23.Na3 c4
24.Qxb6 Rxb6 25.g4 Bc8 26.b3 cxb3 27.Nxb5 e4 28.fxe4 Bxg4 29.Bxg4 Rxb5 30.Rd3 b2
31.Rb1 Rb3 32.Bd1 Rxc3 33.Rxc3 Bxc3 34.Kf2 Be5 35.Ke2 Kf8 36.h3 Rc8 37.Kd2 Bf4+
38.Kd3 Bc1 39.Ba4 Ra8 40.Bc6 Ra3+ 41.Kc2 Ke7 42.Bb5 Rxh3 43.e5 Re3 44.d6+ Kd8
45.Bc4 Rxe5 46.Bxf7 g5  0-1

[Event "1st WMSG Rapid Team"]
[Site "Beijing CHN"]
[Date "2008.10.16"]
[Round "9"]
[White "Forsaa,E"]
[Black "Batchuluun,C"]
[Result "1-0"]
[WhiteElo "2322"]
[BlackElo "2346"]

1.d4 Nf6 2.Bg5 Ne4 3.Bf4 c5 4.d5 Qb6 5.Nd2 Nxd2 6.Bxd2 Qxb2 7.e4 Qb6 8.f4 e6
9.c4 d6 10.Nf3 Be7 11.Bc3 O-O 12.Bd3 Nd7 13.O-O exd5 14.exd5 Bf6 15.Bxh7+ Kxh7
16.Ng5+ Kg8 17.Qh5 Bxg5 18.Bxg7 Kxg7 19.Qxg5+ Kh7 20.Rf3 Nf6 21.f5 Bxf5 22.Qxf5+ Kg8
23.Qg5+ Kh8 24.Qxf6+  1-0

[Event "24th ECC"]
[Site "Kallithea GRE"]
[Date "2008.10.17"]
[Round "1"]
[White "Yemelin,V"]
[Black "Kovachev,D"]
[Result "1-0"]
[WhiteElo "2573"]
[BlackElo "2229"]

1.d4 Nf6 2.Bg5 Ne4 3.Bf4 c5 4.f3 Qa5+ 5.c3 Nf6 6.d5 Qb6 7.Bc1 e6 8.e4 exd5
9.exd5 Be7 10.c4 O-O 11.Bd3 d6 12.Nc3 Nbd7 13.f4 Re8 14.Nge2 Ng4 15.O-O Bf8
16.Ng3 Ne3 17.Bxh7+ Kxh7 18.Qd3+ g6 19.Bxe3 Qxb2 20.Rab1 Qa3 21.Bc1 Qa5 22.Nce4 Qd8
23.Bb2 Be7 24.Nf5 gxf5 25.Qh3+ Kg6 26.Qg3+ Kh5 27.Qg7 fxe4 28.Qh7+ Kg4 29.Qh3+  1-0

[Event "24th ECC"]
[Site "Kallithea GRE"]
[Date "2008.10.17"]
[Round "1"]
[White "Mehmeti,D"]
[Black "Bogut,Z"]
[Result "1-0"]
[WhiteElo "2403"]
[BlackElo "2464"]

1.d4 Nf6 2.Bg5 Ne4 3.Bf4 d5 4.e3 e6 5.Bd3 Nf6 6.Nf3 Bd6 7.Nbd2 Bxf4 8.exf4 Qd6
9.g3 b6 10.c3 Bb7 11.O-O O-O 12.Re1 c5 13.Ne5 cxd4 14.cxd4 Nc6 15.Ndf3 Ne4
16.Nxc6 Bxc6 17.Ng5 Nxg5 18.fxg5 Bb7 19.h4 g6 20.a3 Rac8 21.h5 Rfe8 22.Re5 Rc7
23.Qg4 Rec8 24.Qf4 Qf8 25.Kg2 Bc6 26.Rh1 Qg7 27.Rc1 Bb7 28.Rxc7 Rxc7 29.h6 Qf8
30.Rxe6 Rd7 31.Re1 Bc6 32.Qf6 Rd6 33.Qe7 Qxe7 34.Rxe7 Bd7 35.Re1 Kf8 36.f4 Rc6
37.Bb5 Rc2+ 38.Re2 Rc7 39.Bxd7 Rxd7 40.Rc2 Ke7 41.Kf3 Kd8 42.Re2 a5 43.g4 a4
44.f5 Kc7 45.Re8 Kd6 46.Rb8 Rc7 47.Rxb6+ Ke7 48.Rb4 Rc2 49.Rb7+ Ke8 50.fxg6 fxg6
51.Rxh7 Kf8 52.Rh8+ Kf7 53.Ra8  1-0

[Event "24th ECC"]
[Site "Kallithea GRE"]
[Date "2008.10.17"]
[Round "1"]
[White "Israel,G"]
[Black "Zaja,I"]
[Result "0-1"]
[WhiteElo "2159"]
[BlackElo "2461"]

1.d4 Nf6 2.Bg5 Ne4 3.Bf4 d6 4.f3 Nf6 5.e4 Nc6 6.Bb5 a6 7.Bxc6+ bxc6 8.Ne2 Rb8
9.b3 e6 10.c4 Be7 11.Nbc3 Nd7 12.Qd2 c5 13.d5 O-O 14.O-O Bf6 15.Rad1 Re8
16.Kh1 Nf8 17.dxe6 Nxe6 18.Nd5 Bd4 19.Be3 Bxe3 20.Nxe3 Bb7 21.Nc3 Qg5 22.Ncd5 Bxd5
23.Nxd5 Qxd2 24.Rxd2 Rb7 25.Kg1 a5 26.Nc3 Nd4 27.Kf2 g6 28.Rfd1 Kg7 29.Rxd4 cxd4
30.Rxd4 h5 31.Rd5 Re5 32.Rd2 h4 33.f4 Rh5 34.Kf3 Rb8 35.Nb5 a4 36.bxa4 Rc5
37.Rd4 Re8 38.Kg4 Rxe4  0-1

[Event "13th ECC w"]
[Site "Kallithea GRE"]
[Date "2008.10.18"]
[Round "2"]
[White "Vovinkina,N"]
[Black "Voicu,C"]
[Result "0-1"]
[WhiteElo "2147"]
[BlackElo "2239"]

1.d4 Nf6 2.Bg5 Ne4 3.Bf4 c5 4.f3 Qa5+ 5.c3 Nf6 6.d5 Qb6 7.b3 e6 8.e4 exd5
9.exd5 d6 10.c4 Be7 11.Bd3 Nh5 12.Bd2 O-O 13.Ne2 Bh4+ 14.g3 Bf6 15.Nbc3 g6
16.g4 Bh4+ 17.Kf1 Ng7 18.Kg2 Qd8 19.Bf4 f5 20.h3 Qf6 21.Rf1 Nd7 22.Qd2 Ne5
23.Bg3 Bd7 24.Bc2 Nf7 25.Qe1 Bxg3 26.Qxg3 Rae8 27.Qf4 b5 28.Rae1 b4 29.Nd1 g5
30.Qd2 Ne5 31.Ng1 Ng6 32.Rxe8 Rxe8 33.Ne2 Rxe2+ 34.Qxe2 Nf4+ 35.Kf2 Nxe2
36.Kxe2 Qe5+ 37.Kd2 Qf4+ 38.Ne3 Qh2+ 39.Ke1 Qxh3 40.Bd1 fxg4 41.Nxg4 Bxg4
42.fxg4 Qe3+ 43.Be2 h5 44.gxh5 Nxh5 45.Rf3 Qc1+ 46.Kf2 Nf4 47.Bf1 Qd2+ 48.Kg3 Kg7
49.Kg4 Kg6 50.Kg3 Kh5  0-1

[Event "12th Essent Open"]
[Site "Hoogeveen NED"]
[Date "2008.10.20"]
[Round "4"]
[White "Hoffman,Ro"]
[Black "Bitalzadeh,A"]
[Result "0-1"]
[WhiteElo "2165"]
[BlackElo "2370"]

1.d4 Nf6 2.Bg5 Ne4 3.Bf4 d5 4.e3 c5 5.c3 Nc6 6.Nf3 g6 7.Be2 Bg7 8.O-O O-O
9.Nbd2 Bf5 10.Nxe4 dxe4 11.Nd2 cxd4 12.exd4 e5 13.dxe5 Bxe5 14.Bxe5 Nxe5
15.Nc4 Nxc4 16.Bxc4 Rc8 17.Qb3 Qg5 18.Rfe1 Rc6 19.Bd5 Rb6 20.Qa3 Re8 21.c4 Qd2
22.Rad1 Qxb2 23.Qxa7 Re7 24.c5 Ra6 25.Qb8+ Kg7 26.c6 e3 27.fxe3 Be4 28.Bxe4 Rxe4
29.Rb1 Qd2 30.cxb7 Rg4 31.Qe5+ Kh6  0-1

[Event "24th ECC"]
[Site "Kallithea GRE"]
[Date "2008.10.20"]
[Round "4"]
[White "Perrett,D"]
[Black "Efimov,Ig"]
[Result "0-1"]
[WhiteElo "1953"]
[BlackElo "2442"]

1.d4 Nf6 2.Bg5 Ne4 3.Bf4 c5 4.f3 Nf6 5.d5 Qb6 6.Bc1 e6 7.e4 exd5 8.exd5 Bd6
9.c4 O-O 10.Bd3 Be5 11.Nc3 Bxc3+ 12.bxc3 d6 13.g4 Nbd7 14.f4 Re8+ 15.Kf1 Ne4
16.Qc2 f5 17.g5 Qa5 18.Ne2 Nb6 19.Bb2 Qa4 20.Rc1 Bd7 21.Kg2 Qa6 22.Ng3 Ba4
23.Qb1 Nd2 24.Qa1 Nxd5 25.cxd5 Qxd3 26.c4 Re2+ 27.Nxe2 Qxe2+  0-1

[Event "24th ECC"]
[Site "Kallithea GRE"]
[Date "2008.10.20"]
[Round "4"]
[White "Yemelin,V"]
[Black "Babula,V"]
[Result "1/2-1/2"]
[WhiteElo "2573"]
[BlackElo "2608"]

1.d4 Nf6 2.Bg5 Ne4 3.Bf4 c5 4.f3 Nf6 5.dxc5 b6 6.e4 bxc5 7.Nc3 Nc6 8.Nd5 Nxd5
9.exd5 e5 10.dxc6 exf4 11.Qe2+ Be7 12.O-O-O Qc7 13.cxd7+  1/2-1/2

[Event "WYCC Boys U18"]
[Site "Vung Tau City VIE"]
[Date "2008.10.20"]
[Round "1"]
[White "Howell,D"]
[Black "Ponizil,C"]
[Result "1-0"]
[WhiteElo "2593"]
[BlackElo "2251"]

1.d4 Nf6 2.Bg5 Ne4 3.Bf4 c5 4.f3 Nf6 5.d5 Qb6 6.e4 Nh5 7.Bc1 e5 8.Nh3 Be7
9.Na3 Qg6 10.Nb5 Bd8 11.g4 Bh4+ 12.Kd2 Qh6+ 13.Kc3 Qb6 14.a4 Nf6 15.a5 Qd8
16.Nd6+ Kf8 17.Nf5 d6 18.Nxh4 Bxg4 19.fxg4 Nxe4+ 20.Kd3 Qxh4 21.Kxe4 Nd7
22.Bg5 Nf6+ 23.Bxf6 Qxf6 24.Qf3 Qh6 25.Kd3 e4+ 26.Qxe4 Re8  1-0

[Event "WYCC Boys U14"]
[Site "Vung Tau City VIE"]
[Date "2008.10.20"]
[Round "1"]
[White "Paltrinieri,N"]
[Black "Krzyzanowski,M"]
[Result "1/2-1/2"]
[WhiteElo "1948"]
[BlackElo "2280"]

1.d4 Nf6 2.Bg5 Ne4 3.Bh4 d5 4.f3 Nf6 5.Bxf6 exf6 6.e4 dxe4 7.fxe4 f5 8.Nc3 Bb4
9.exf5 O-O 10.Nf3 Bxf5 11.Be2 Bxc3+ 12.bxc3 Qe7 13.Qd2 Re8 14.Ne5 Nd7 15.O-O Bg6
16.Bb5 Nxe5 17.Rae1 Red8 18.Qe2 Qa3 19.dxe5 Qxc3 20.e6 fxe6 21.Qxe6+ Kh8
22.Kh1 Qb4 23.Bd3 Re8 24.Rb1 Qxb1 25.Qxe8+ Rxe8 26.Rxb1 Bxd3 27.cxd3 b6 28.Rc1 c5
29.Kg1 Re2 30.d4 Rxa2 31.dxc5 bxc5 32.Rxc5 h6 33.h4 Kg8 34.Rc7 Kh7 35.h5 Ra5
36.Kf2 Rxh5 37.Rxa7 Rb5 38.Kf3 Kg6 39.Kf4 Rf5+ 40.Kg4 h5+ 41.Kh4 Rf4+ 42.Kh3 Kh6
43.Kg3 Rf8 44.Kh3 Rb8 45.g3 g6 46.Rc7 Kg5 47.Rf7 Rb2 48.Ra7 Rf2 49.Ra8 Kh6
50.Ra7 g5 51.Ra6+ Kg7 52.Rb6 Rf6 53.Rb5 Kg6 54.Ra5 Re6 55.Kg2 Rb6 56.Kh3 Re6
57.Ra8 Kf5 58.Rh8 Re1 59.Rf8+ Kg6 60.Ra8 g4+ 61.Kg2 Re2+ 62.Kg1 Re5 63.Rh8 Kg7
64.Ra8 Kf6 65.Rh8 Ke7 66.Ra8 Kf7 67.Ra6 Rf5 68.Kg2 Rf6 69.Rxf6+ Kxf6 70.Kf2 Kf5
71.Ke3 Ke5 72.Kd3 Kf5 73.Ke3 Kg5 74.Kf2 h4 75.gxh4+ Kxh4 76.Kg2 g3 77.Kg1  1/2-1/2

[Event "Masters"]
[Site "Can Picafort ESP"]
[Date "2008.10.21"]
[Round "2"]
[White "Mellado Trivino,J"]
[Black "Pena Gomez,M"]
[Result "0-1"]
[WhiteElo "2434"]
[BlackElo "2467"]

1.d4 Nf6 2.Bg5 Ne4 3.Bf4 c5 4.f3 Qa5+ 5.c3 Nf6 6.Nd2 cxd4 7.Nb3 Qb6 8.Qxd4 Nc6
9.Qxb6 axb6 10.Nd4 Nxd4 11.cxd4 e6 12.e4 d5 13.Bd3 Bd7 14.e5 Ng8 15.Ne2 Ne7
16.a3 Nc6 17.Rc1 Be7 18.Bd2 Na5 19.Bxa5 Rxa5 20.Kd2 b5 21.Ke3 Bc6 22.Nc3 Kd7
23.Na2 Rf8 24.f4 h5 25.Rc3 f6 26.Nb4 fxe5 27.fxe5 Ra4 28.Rf1 Bg5+ 29.Ke2 Rxf1
30.Kxf1 Be3 31.Nxc6 bxc6 32.Bxb5 cxb5 33.Rxe3 Rxd4 34.Rg3 Re4 35.Rxg7+ Kc6
36.Rg5 d4 37.Kf2 Kd5 38.Rxh5 d3 39.Rh8 Rxe5 40.Rd8+ Ke4 41.g4 Rc5 42.h4 Rc2+
43.Kg3 d2 44.h5 Rxb2 45.Kh4 Kf4 46.Rd4+ Ke3 47.Rd6 Rb1 48.h6 d1=Q 49.Rxd1 Rxd1
50.Kg5 Rh1  0-1

[Event "24th ECC"]
[Site "Kallithea GRE"]
[Date "2008.10.21"]
[Round "5"]
[White "Predojevic,B"]
[Black "Balogh,C"]
[Result "1/2-1/2"]
[WhiteElo "2615"]
[BlackElo "2616"]

1.d4 Nf6 2.Bg5 Ne4 3.Bf4 d5 4.e3 c5 5.Bd3 Nf6 6.c3 Nc6 7.Nd2 Bg4 8.Ngf3 e6
9.O-O cxd4 10.exd4 Bd6 11.Bxd6 Qxd6 12.Re1 Bh5 13.Qb3 Qc7 14.Ne5 Bg6 15.Ndf3 Bxd3
16.Nxd3 O-O  1/2-1/2

[Event "24th ECC"]
[Site "Kallithea GRE"]
[Date "2008.10.21"]
[Round "5"]
[White "Iotov,V"]
[Black "Babula,V"]
[Result "1-0"]
[WhiteElo "2532"]
[BlackElo "2608"]

1.d4 Nf6 2.Bg5 Ne4 3.Bf4 c5 4.f3 Nf6 5.dxc5 b6 6.e4 bxc5 7.Nc3 Nc6 8.Bc4 d6
9.e5 dxe5 10.Qxd8+ Kxd8 11.O-O-O+ Kc7 12.Be3 e6 13.Nb5+ Kb6 14.Nc3 Nd4 15.Nh3 Be7
16.Rhe1 Bb7 17.Ng5 Rhf8 18.Bxd4 cxd4 19.Na4+ Kc7 20.Bxe6 Bc6 21.Bb3 Nd7 22.Nh3 Bd6
23.c3 Bxa4 24.Bxa4 Nc5 25.Bc2 dxc3 26.bxc3 h6 27.Rd5 Rab8 28.Red1 Rb6 29.g3 Rfb8
30.Nf2 Ra6 31.Nd3 Nd7 32.Nb4 Rab6 33.Bb3 Nc5 34.Rxc5+ Bxc5 35.Nd5+ Kc6 36.Nxb6  1-0

[Event "WYCC Boys U18"]
[Site "Vung Tau City VIE"]
[Date "2008.10.21"]
[Round "2"]
[White "Matlakov,M"]
[Black "Pavlidis,Ana"]
[Result "1/2-1/2"]
[WhiteElo "2490"]
[BlackElo "2322"]

1.d4 Nf6 2.Bg5 Ne4 3.Bf4 c5 4.f3 Qa5+ 5.c3 Nf6 6.d5 d6 7.e4 g6 8.Nd2 Bg7
9.Bd3 O-O 10.Ne2 Qc7 11.O-O Nbd7 12.Kh1 Nh5 13.Bg5 Ne5 14.Bc2 e6 15.c4 exd5
16.exd5 Bd7 17.g4 Nf6 18.Nc3 a6 19.h3 b5 20.f4 Nxc4 21.Nxc4 bxc4 22.f5 Rae8
23.Qd2 Qb7 24.Nd1 Re5 25.fxg6 fxg6 26.Ne3 Qb8 27.Ng2 Re7 28.Rf2  1/2-1/2

[Event "Masters"]
[Site "Can Picafort ESP"]
[Date "2008.10.22"]
[Round "4"]
[White "Moskalenko,V1"]
[Black "Pena Gomez,M"]
[Result "1-0"]
[WhiteElo "2568"]
[BlackElo "2467"]

1.d4 Nf6 2.Bg5 Ne4 3.Bf4 c5 4.f3 Qa5+ 5.c3 Nf6 6.d5 d6 7.e4 e6 8.Qd2 exd5
9.exd5 Be7 10.c4 Qd8 11.Nc3 O-O 12.Bd3 Nh5 13.Be3 Nd7 14.Nge2 Ne5 15.Ng3 Nf6
16.Be2 a6 17.a4 Re8 18.O-O Bf8 19.h3 Qe7 20.Bf2 g6 21.Rae1 h5 22.f4 Bh6 23.Be3 Ned7
24.Bd3 Qf8 25.f5 Rxe3 26.Rxe3 Qg7 27.fxg6 fxg6 28.Qe2 Bxe3+ 29.Qxe3 Ne5 30.Be2 Bd7
31.Nge4 Ne8 32.Ng5 Bf5 33.g4 hxg4 34.hxg4 Bd7 35.Nce4 Bxg4 36.Bxg4 Nxg4 37.Qf4 Qd4+
38.Kh1 Qh8+ 39.Kg2 Qxb2+ 40.Rf2  1-0

[Event "Open A"]
[Site "Le Touquet FRA"]
[Date "2008.10.27"]
[Round "3"]
[White "Dal Borgo,A"]
[Black "Dupont,Dany"]
[Result "1-0"]
[WhiteElo "2210"]
[BlackElo "1999"]

1.d4 Nf6 2.Bg5 Ne4 3.Bf4 c5 4.f3 Qa5+ 5.c3 Nf6 6.Nd2 cxd4 7.Nb3 Qb6 8.Qxd4 Nc6
9.Qxb6 axb6 10.Bg5 d6 11.a3 b5 12.O-O-O Be6 13.Nd4 Nxd4 14.Rxd4 Bc4 15.Kc2 e5
16.Rd1 h6 17.Bxf6 gxf6 18.e4 Be6 19.Bxb5+ Ke7 20.Bd3 h5 21.Ne2 Bh6 22.g3 Be3
23.h3 Rhc8 24.g4 h4 25.Rhf1 Rc6 26.Bb5 Rb6 27.a4 Rc8 28.b3 Bd7 29.c4 Bxb5
30.axb5 Rxb5 31.Nc3 Ra5 32.Nd5+ Rxd5 33.exd5 b5 34.Kd3 Bd4 35.Rc1 bxc4+ 36.Rxc4 Rb8
37.Rb1 Ra8 38.Rc2 Ra5 39.Ke4 Ra8 40.Rbc1 Ra3 41.Rc8 Bb6 42.Rb8 Bd8 43.Rcc8  1-0

[Event "Autumn"]
[Site "Nea Filadelfia GRE"]
[Date "2008.10.27"]
[Round "3"]
[White "Ilandzis,S"]
[Black "Konistis,L"]
[Result "1-0"]
[WhiteElo "2147"]
[BlackElo "2035"]

1.d4 Nf6 2.Bg5 Ne4 3.Bh4 d5 4.e3 c6 5.Bd3 Nd7 6.Bxe4 dxe4 7.Nd2 Qa5 8.c3 Nf6
9.Bxf6 gxf6 10.Nxe4 Rg8 11.Ng3 Be6 12.Qc2 f5 13.N1e2 Bh6 14.O-O O-O-O 15.c4 Kb8
16.a3 Rg4 17.b4 Qc7 18.Nxf5 Rdg8 19.g3 Bf8 20.a4 h5 21.b5 cxb5 22.c5 Qc8
23.e4 h4 24.axb5 Bd7 25.Qa2 a6 26.bxa6 bxa6 27.Rfb1+ Ka7 28.Rb6 Bb5 29.Rxb5 R4g6
30.Rb6 Rxb6 31.cxb6+ Kxb6 32.Qxf7  1-0

[Event "Open A"]
[Site "Le Touquet FRA"]
[Date "2008.10.29"]
[Round "6"]
[White "Gormally,D"]
[Black "Michiels,R"]
[Result "1-0"]
[WhiteElo "2514"]
[BlackElo "2262"]

1.d4 Nf6 2.Bg5 Ne4 3.Bf4 d5 4.e3 c5 5.Bd3 Qb6 6.b3 Qb4+ 7.Kf1 Nd7 8.Bxe4 dxe4
9.c3 Qa5 10.Ne2 cxd4 11.cxd4 b6 12.Nd2 Bb7 13.Nc4 Qf5 14.Ng3 Qb5 15.a4 Qd5
16.Ne2 Bc6 17.Rc1 Rc8 18.Rc2 g5 19.Bg3 Bg7 20.h4 h6 21.hxg5 hxg5 22.Rxh8+ Bxh8
23.Kg1 f5 24.Nc3 Qf7 25.Nb5 Kd8 26.Bc7+ Rxc7 27.Nxc7 Bb7 28.d5 Ne5 29.Ne6+ Ke8
30.Nd6+ exd6 31.Rc7 Nf3+ 32.gxf3 Qh5 33.Qf1 a6 34.Qc4 Qxf3 35.Rc8+ Ke7 36.Rxh8 Qd1+
37.Kh2 Bxd5 38.Nc7 Kf6 39.Rh6+  1-0

[Event "ch-BRA s/f"]
[Site "Dois Irmaos BRA"]
[Date "2008.11.01"]
[Round "6"]
[White "Gomez,Gu"]
[Black "Shumyatsky,V"]
[Result "1/2-1/2"]
[WhiteElo "2134"]
[BlackElo "2063"]

1.d4 Nf6 2.Bg5 Ne4 3.Bf4 c5 4.f3 Qa5+ 5.c3 Nf6 6.Nd2 cxd4 7.Nb3 Qb6 8.Qxd4 Nc6
9.Qxb6 axb6 10.Be3 b5 11.Bd2 e5 12.e4 b4 13.Bc4 bxc3 14.bxc3 d6 15.Ne2 Be6
16.Bxe6 fxe6 17.O-O Be7 18.Bg5 Kd7 19.Rfd1 Kc7 20.c4 Ra4 21.Rdc1 Kd7  1/2-1/2

[Event "Corus Internet Qualifier"]
[Site "ICC INT"]
[Date "2008.11.01"]
[Round "1.2"]
[White "Salgado Lopez,I"]
[Black "Giri,A"]
[Result "1/2-1/2"]
[WhiteElo "2556"]
[BlackElo "2466"]

1.d4 Nf6 2.Bg5 Ne4 3.Bf4 c5 4.d5 d6 5.Nd2 Qa5 6.c3 Nxd2 7.Qxd2 Nd7 8.e4 g6
9.Nf3 Bg7 10.Bh6 O-O 11.Bd3 Nf6 12.Bxg7 Kxg7 13.O-O Bg4 14.Ne1 Bd7 15.Nc2 Rfe8
16.f3 Bb5 17.Bxb5 Qxb5 18.Ne3 Rad8 19.a4 Qa6 20.c4 b6 21.b3 Qb7 22.Qc3 Kg8
23.g4 h5 24.g5 Nh7 25.h4 f6 26.f4 fxg5 27.fxg5 e5 28.Rf3 Rf8 29.Raf1 Rxf3
30.Rxf3 Qe7 31.Qe1 Rf8 32.Qf2 Rxf3 33.Qxf3 Qf7 34.Qxf7+ Kxf7 35.Kf2 Nf8 36.Nd1 a5
37.Nc3 Ke7 38.Nb5 Kd7 39.Ke3 Nh7 40.Nc3 Nf8 41.Ne2 Ke7 42.Ng3 Kd7  1/2-1/2

[Event "TCh-HUN 2008-9"]
[Site "Nagykanizsa HUN"]
[Date "2008.11.02"]
[Round "2"]
[White "Boros,De"]
[Black "Kotronias,V"]
[Result "0-1"]
[WhiteElo "2494"]
[BlackElo "2587"]

1.d4 Nf6 2.Bg5 Ne4 3.Bf4 c5 4.f3 Qa5+ 5.c3 Nf6 6.d5 Qb6 7.Bc1 e6 8.e4 exd5
9.exd5 d6 10.c4 g6 11.Bd3 Bg7 12.Nc3 O-O 13.Nge2 Nbd7 14.b3 Qd8 15.Bg5 h6
16.Bh4 Ne5 17.Bc2 g5 18.Bf2 Nh5 19.Qd2 Bd7 20.h4 g4 21.f4 g3 22.Bxc5 Nxc4
23.Qd3 Re8 24.Bd4 Bxd4 25.Qxd4 Ne3 26.Be4 Nxf4 27.Kd2 Nxe2 28.Nxe2 Bf5 29.Nxg3 Bxe4
30.Nxe4 Nf5 31.Qd3 Qa5+ 32.Kc2 Rac8+ 33.Kb2 Rxe4 34.Qxe4 Qd2+ 35.Kb1 Ne3
36.a4 Rc2  0-1

[Event "21st Belgrade Trophy"]
[Site "Obrenovac SRB"]
[Date "2008.11.02"]
[Round "6"]
[White "Radojkovic,V"]
[Black "Mladenovic,M"]
[Result "0-1"]
[WhiteElo "2036"]
[BlackElo "1871"]

1.d4 Nf6 2.Bg5 Ne4 3.Bf4 d5 4.f3 Nf6 5.e4 dxe4 6.Nc3 exf3 7.Nxf3 Bg4 8.Bc4 e6
9.Qe2 Bb4 10.Rd1 Bxc3+ 11.bxc3 O-O 12.O-O Nd5 13.Bd2 Nc6 14.Bd3 h6 15.Rb1 Rb8
16.Qf2 f5 17.Qg3 Qd6 18.Qh4 Qe7 19.Qf2 Qd6 20.Nh4 Bh5 21.Be2 Bf7 22.c4 Nf6
23.Bf4 Qd7 24.Be5 Nxe5 25.dxe5 Ne4 26.Qxa7 b6 27.Rbd1 Qe7 28.Nf3 Ra8 29.Qb7 Rfb8
30.Qc6 Be8  0-1

[Event "12th OIBM"]
[Site "Bad Wiessee GER"]
[Date "2008.11.03"]
[Round "3"]
[White "Schneider,Il"]
[Black "Wegerer,F"]
[Result "1-0"]
[WhiteElo "2486"]
[BlackElo "2227"]

1.d4 Nf6 2.Bg5 Ne4 3.Bf4 g5 4.Bc1 Rg8 5.f3 Nf6 6.e4 d6 7.Nc3 c6 8.Be3 e5
9.dxe5 dxe5 10.Qxd8+ Kxd8 11.g4 Be7 12.Bc4 Ke8 13.Nge2 Nbd7 14.h4 Nb6 15.Bb3 gxh4
16.g5 Nfd7 17.Rxh4 Nf8 18.Rh5 Nbd7 19.Ng3 Nc5 20.Nf5 Nce6 21.O-O-O Bxg5 22.Bxg5 Rxg5
23.Bxe6 Nxe6 24.Rxh7 Kf8 25.Nh6 Ng7 26.Rh8+ Ke7 27.Rdd8 Rg1+ 28.Kd2 Rg6 29.Nf5+ Nxf5
30.Rhe8+ Kf6 31.exf5 Rg2+ 32.Ke3 Kxf5 33.Ne4 Rxc2 34.Rd6 Be6 35.Rxa8 Rxb2
36.Rg8 f6 37.Ng3+  1-0

[Event "21st Belgrade Trophy"]
[Site "Obrenovac SRB"]
[Date "2008.11.04"]
[Round "8"]
[White "Radojkovic,V"]
[Black "Milanovic,Ma"]
[Result "1/2-1/2"]
[WhiteElo "2036"]
[BlackElo "1699"]

1.d4 Nf6 2.Bg5 Ne4 3.Bf4 c5 4.f3 Qa5+ 5.c3 Nf6 6.d5 e6 7.e4 d6 8.dxe6 Bxe6
9.Bxd6 Bxd6 10.Qxd6 Nc6 11.Na3 Rd8 12.Qg3 O-O 13.Qf2 Rd7 14.Bc4 Ne5 15.Bb5 Qxb5
16.Nxb5 Nd3+ 17.Ke2 Nxf2 18.Kxf2 a6 19.Na3 Rd2+ 20.Ne2 Rxb2 21.Rhb1 Rxb1
22.Rxb1 b5 23.Rb2 Rd8 24.Nf4 Bc8 25.Ke2 Kf8 26.Nc2 Ne8 27.Ne3 Nc7 28.Nd3 Ne6
29.g3 Bd7 30.Ne5 Be8 31.Nd5 f6 32.Nd3 Bc6 33.N3f4 Nxf4+ 34.Nxf4 Ke7 35.Nd3 c4
36.Nb4 Bb7 37.Rd2 Rxd2+ 38.Kxd2 Kd6 39.Nc2 Bc8 40.a3 Kc5 41.Ke3 Kb6 42.Nb4 Bb7
43.f4 Ka5 44.e5 fxe5 45.fxe5 Bc8 46.Nd5 Be6 47.Nb4 Bc8 48.Nd5 Be6 49.Nc7 Bf7
50.e6 Bg6 51.e7 Bf7 52.Kd4 Ka4 53.Nxa6 Kxa3 54.Nc7 b4 55.cxb4 Kxb4 56.Nd5+ Kb3
57.Ke5 c3 58.Nxc3 Kxc3 59.Kd6 Kd3 60.Kd7 Ke3 61.e8=Q+ Bxe8+ 62.Kxe8 Kf3 63.Kf7 g5
64.Kg7 h5 65.Kh6 Kg4  1/2-1/2

[Event "12th OIBM"]
[Site "Bad Wiessee GER"]
[Date "2008.11.07"]
[Round "7"]
[White "Stavrianakis,I"]
[Black "Weber,U"]
[Result "1-0"]
[WhiteElo "2192"]
[BlackElo "2411"]

1.d4 Nf6 2.Bg5 Ne4 3.Bf4 c5 4.f3 Qa5+ 5.c3 Nf6 6.d5 e6 7.dxe6 fxe6 8.e4 Be7
9.Bd6 Qb6 10.Bxe7 Kxe7 11.Qd2 Nc6 12.Na3 d5 13.O-O-O Kf7 14.exd5 exd5 15.g4 Rd8
16.h4 Kg8 17.h5 Be6 18.g5 Nd7 19.f4 Nf8 20.Qc2 d4 21.Bc4 Na5 22.cxd4 Nxc4
23.Nxc4 Qa6 24.Na3 cxd4 25.Kb1 b5 26.h6 b4 27.hxg7 Kxg7 28.f5 Rac8 29.Qe4 Bd5
30.Qe5+ Kg8 31.Rh6 Qb7 32.g6 Nxg6 33.fxg6 Be4+ 34.Ka1 Bxg6 35.Nb1 Rd5 36.Qe6+ Kg7
37.Rh4 Re8 38.Qh3 Re3 39.Qg2 Qd7 40.Ne2 d3 41.Nf4 Rd4 42.Rxh7+ Kxh7 43.Qxg6+  1-0

[Event "38th Olympiad"]
[Site "Dresden GER"]
[Date "2008.11.14"]
[Round "2"]
[White "Wijesuriya,GL"]
[Black "Press,S"]
[Result "1/2-1/2"]
[WhiteElo "2075"]
[BlackElo "2090"]

1.d4 Nf6 2.Bg5 Ne4 3.Bf4 c5 4.dxc5 Qa5+ 5.Nd2 Nxd2 6.Qxd2 Qxc5 7.e4 Nc6 8.Nf3 g6
9.c3 Bg7 10.Be3 Qa5 11.Bc4 O-O 12.Bh6 d6 13.Bd5 Bg4 14.Bxg7 Kxg7 15.Nd4 Qb6
16.f3 Bd7 17.h4 Nxd4 18.cxd4 h5 19.O-O-O a5 20.Kb1 Rac8 21.Rc1 e6 22.Bb3 a4
23.Bc4 Rc7 24.Be2 Rfc8 25.Rxc7 Rxc7 26.g4 Bb5 27.gxh5 Bxe2 28.Qxe2 Qxd4 29.hxg6 fxg6
30.Rd1 Qe5 31.Qd2 a3 32.Qd4 axb2 33.Qxe5+ dxe5 34.Kxb2 Rf7 35.Rd6 Re7 36.Kb3 Kh6
37.Rd8 Rf7 38.Re8 Rxf3+ 39.Kb4 Rf4 40.Rxe6 Rxe4+ 41.Kb5 Re1 42.a4 e4 43.Kb6 e3
44.Kxb7 e2 45.Ka6 Ra1 46.Rxe2 Rxa4+ 47.Kb5 Rxh4 48.Kc5 Kg5 49.Kd5 Rf4 50.Ke5 Ra4
51.Rg2+ Rg4 52.Rh2 Rg1 53.Ke4 Kg4 54.Ke3 Kg3 55.Rh6 g5 56.Ke2 g4 57.Rg6 Ra1
58.Rg8 Rg1 59.Rg7 Kh2 60.Kf2 g3+ 61.Kf3 Rf1+ 62.Ke2 Rf5 63.Rh7+ Kg1 64.Rh8 g2
65.Rg8 Re5+ 66.Kf3 Rf5+ 67.Ke2 Rf4 68.Rg7 Kh2 69.Rh7+ Kg3 70.Rg7+ Kh2 71.Rh7+ Kg1
72.Rg7 Rf8  1/2-1/2

[Event "38th Olympiad w"]
[Site "Dresden GER"]
[Date "2008.11.16"]
[Round "4"]
[White "Hansen,Ev"]
[Black "Arribas Robaina,M"]
[Result "0-1"]
[WhiteElo "2169"]
[BlackElo "2303"]

1.d4 Nf6 2.Bg5 Ne4 3.Bf4 c5 4.f3 Qa5+ 5.c3 Nf6 6.d5 g6 7.e4 d6 8.Na3 Bg7
9.Nc4 Qd8 10.a4 O-O 11.g4 Na6 12.Bd3 Nc7 13.Qd2 Rb8 14.Ne2 b5 15.axb5 Nxb5
16.h4 e6 17.Na5 Bd7 18.dxe6 fxe6 19.Bxb5 Rxb5 20.c4 Nxe4 21.fxe4 Rxb2 22.Qxd6 Rb6
23.Qd1 Bxa1 24.Qxa1 e5 25.Bxe5 Bxg4 26.Nf4 Rxf4 27.Bxf4 Qd3 28.Rh2 Rb1+ 29.Qxb1 Qxb1+
30.Kf2 Qxe4 31.Bc7 Qe7 32.Bb8 Qf8+  0-1

[Event "38th Olympiad w"]
[Site "Dresden GER"]
[Date "2008.11.16"]
[Round "4"]
[White "Mamedjarova,T"]
[Black "Schoene,Mar"]
[Result "1/2-1/2"]
[WhiteElo "2269"]
[BlackElo "2198"]

1.d4 Nf6 2.Bg5 Ne4 3.Bf4 c5 4.f3 Nf6 5.dxc5 e5 6.Bxe5 Bxc5 7.Bd4 Qb6 8.Bxc5 Qxc5
9.Nc3 O-O 10.Qd2 d5 11.O-O-O Nc6 12.e3 Re8 13.Nge2 Rxe3 14.Nxd5 Nxd5 15.Qxd5 Qe7
16.Qd6 Qe8 17.Nf4 Bf5 18.Bb5 Rc8 19.c3 h6 20.Ba4 a6 21.Bxc6 bxc6 22.Qd2 Qe5
23.Rhe1 Rxe1 24.Rxe1 Qa5 25.b4 Qc7 26.g4 Bg6 27.h4 a5 28.h5 Bh7 29.Qe3 Kh8
30.Qe5 Qa7 31.Qe3 Qb8 32.Qe5 axb4 33.Qxb8 Rxb8 34.cxb4 Rxb4 35.Re8+ Bg8 36.Nd3 Ra4
37.Ne5 Kh7 38.Kd1 Rxa2 39.Nxc6 f6 40.Ne7 Bb3+ 41.Ke1 Bc2 42.Nd5 Ba4 43.Re7 Kg8
44.Rb7 Be8 45.Ne7+ Kf8 46.Nf5 g6 47.Nd6 Ra8 48.Rh7 gxh5 49.gxh5 Ra1+ 50.Kf2 Bxh5
51.Rxh6 Bxf3 52.Kxf3 Ke7 53.Ke4  1/2-1/2

[Event "38th Olympiad"]
[Site "Dresden GER"]
[Date "2008.11.20"]
[Round "7"]
[White "Hernandez Basante,F"]
[Black "Erdogdu,M"]
[Result "0-1"]
[WhiteElo "2247"]
[BlackElo "2449"]

1.d4 Nf6 2.Bg5 Ne4 3.Bf4 c5 4.f3 Qa5+ 5.Nd2 Nf6 6.c3 cxd4 7.Nb3 Qd8 8.cxd4 e6
9.e4 d5 10.e5 Nfd7 11.Bd3 Nc6 12.Ne2 a5 13.a4 Qb6 14.Kf1 Be7 15.g3 O-O 16.Kg2 f6
17.exf6 Nxf6 18.Nc3 Bd7 19.Nb5 e5 20.dxe5 Nh5 21.Qd2 Rxf4 22.gxf4 Nb4 23.Bf1 Qg6+
24.Kf2 Bh4+ 25.Ke2 Nxf4+ 26.Kd1 Nfd3 27.Bxd3 Nxd3 28.Rf1 Bh3 29.Ke2 Bxf1+
30.Kxf1 Rf8 31.Qg2 Qh5 32.N3d4 Nxe5 33.Ra3 Nc4 34.Rc3 Re8 35.Qg4 Re1+ 36.Kg2 Ne3+
37.Rxe3 Qxg4+ 38.fxg4 Rxe3 39.Nf5 Re2+ 40.Kf3 Rf2+ 41.Ke3 Rxh2 42.Nc7 Bg5+
43.Kd4 g6 44.Nd6 Bf4  0-1